Mosby's dictionary of medicine, nursing and health professions / (Record no. 122026)
[ view plain ]
| 000 -LEADER | |
|---|---|
| fixed length control field | 01015cam a22002891i 4500 |
| 003 - CONTROL NUMBER IDENTIFIER | |
| control field | OSt |
| 005 - DATE AND TIME OF LATEST TRANSACTION | |
| control field | 20251015092803.0 |
| 008 - FIXED-LENGTH DATA ELEMENTS--GENERAL INFORMATION | |
| fixed length control field | |
| 020 ## - INTERNATIONAL STANDARD BOOK NUMBER | |
| International Standard Book Number | 9780323222051 (Hardcover) |
| Terms of availability | USD 45.00 |
| 040 ## - CATALOGING SOURCE | |
| Original cataloging agency | NUST |
| Transcribing agency | NUST |
| Language of cataloging | eng |
| Modifying agency | NUST |
| Description conventions | rda |
| 050 ## - LIBRARY OF CONGRESS CALL NUMBER | |
| Classification number | REF R121 MOS |
| 245 00 - TITLE STATEMENT | |
| Title | Mosby's dictionary of medicine, nursing and health professions / |
| Statement of responsibility, etc. | edited by Marie T. O'Toole. |
| 250 ## - EDITION STATEMENT | |
| Edition statement | Tenth edition. |
| 260 ## - PUBLICATION, DISTRIBUTION, ETC. | |
| Place of publication, distribution, etc. | St. Louis, Missouri : |
| Name of publisher, distributor, etc. | Elsevier, |
| Date of publication, distribution, etc. | ©2017. |
| 300 ## - PHYSICAL DESCRIPTION | |
| Extent | xiv, A-43, 2005 pages : |
| Other physical details | Illustrations ; |
| Dimensions | 26 cm. |
| 336 ## - CONTENT TYPE | |
| Content type term | text |
| Content type code | txt |
| Source | rdacontent |
| 337 ## - MEDIA TYPE | |
| Media type term | unmediated |
| Media type code | n |
| Source | rdamedia |
| 338 ## - CARRIER TYPE | |
| Carrier type term | volume |
| Carrier type code | nc |
| Source | rdacarrier |
| 504 ## - BIBLIOGRAPHY, ETC. NOTE | |
| Bibliography, etc. note | Includes bibliographical references. |
| 650 #0 - SUBJECT ADDED ENTRY--TOPICAL TERM | |
| Topical term or geographic name entry element | Medicine |
| Form subdivision | Dictionaries. |
| 650 #0 - SUBJECT ADDED ENTRY--TOPICAL TERM | |
| Topical term or geographic name entry element | Nursing |
| Form subdivision | Dictionaries. |
| 650 #2 - SUBJECT ADDED ENTRY--TOPICAL TERM | |
| Topical term or geographic name entry element | Medicine. |
| 650 #2 - SUBJECT ADDED ENTRY--TOPICAL TERM | |
| Topical term or geographic name entry element | Nursing. |
| 650 #2 - SUBJECT ADDED ENTRY--TOPICAL TERM | |
| Topical term or geographic name entry element | Allied health occupations. |
| 700 ## - ADDED ENTRY--PERSONAL NAME | |
| Personal name | O'Toole, Marie T. |
| Relator term | Editor |
| 942 ## - ADDED ENTRY ELEMENTS (KOHA) | |
| Koha item type | Reference Material |
| Call number prefix | REF R |
| Call number suffix | MOS |
| Source of classification or shelving scheme | Library of Congress Classification |
| Edition | Tenth Edition |
| Classification part | REF R121 MOS |
| Suppress in OPAC | No |
| Withdrawn status | Lost status | Source of classification or shelving scheme | Damaged status | Not for loan | Collection | Home library | Current library | Shelving location | Date acquired | Source of acquisition | Cost, normal purchase price | Total Checkouts | Full call number | Barcode | Date last seen | Cost, replacement price | Price effective from | Koha item type | Accession number | Public note |
|---|---|---|---|---|---|---|---|---|---|---|---|---|---|---|---|---|---|---|---|---|
| LCC | NFIC | Medical | Medical | REFERENCE | 01/20/2023 | Book Aid International | 80.00 | REF R121 MOS | 92004052009 | 01/20/2023 | 80.00 | 01/20/2023 | BOOKS | |||||||
| LCC | NFIC | Medical | Medical | REFERENCE | 01/23/2023 | Book Aid International | 32.00 | REF R121 MOS | 92004045442 | 01/23/2023 | 32.00 | 01/23/2023 | BOOKS | 56781 | Donation | |||||
| LCC | NFIC | Medical | Medical | REFERENCE | 01/23/2023 | Book Aid International | 80.00 | REF R121 MOS | 92004047705 | 01/23/2023 | 80.00 | 01/23/2023 | BOOKS | 57759 | Donation | |||||
| LCC | NFIC | Medical | Medical | REFERENCE | 01/23/2023 | Book Aid International | 32.00 | REF R121 MOS | 92004049240 | 01/23/2023 | 32.00 | 01/23/2023 | BOOKS | 57759 | Donation | |||||
| LCC | NFIC | Medical | Medical | REFERENCE | 01/23/2023 | Book Aid International | 42.00 | REF R121 MOS | 92004051127 | 01/23/2023 | 42.00 | 01/23/2023 | BOOKS | 58522 | Donation | |||||
| LCC | NFIC | Medical | Medical | REFERENCE | 09/19/2025 | Book Aid International | 45.00 | REF R121 MOS | 92004056935 | 09/19/2025 | 45.00 | 09/19/2025 | BOOKS | 62800 | Donation | |||||
| LCC | NFIC | Medical | Medical | REFERENCE | 10/15/2025 | Book Aid International | 45.00 | REF R121 MOS | 92004057310 | 10/15/2025 | 45.00 | 10/15/2025 | BOOKS | 62799 | Donation |